[Event "Internet Section 06B g/8'+2\""]
[Site "Dos Hermanas"]
[Date "2004.03.07"]
[Round "9"]
[White "Milman, John"]
[Black "Rothbart, Andrew"]
[Result "0-1"]
[WhiteElo "1203"]
[BlackElo "1161"]
[PlyCount "70"]
[EventDate "2004.03.06"]
[EventType "swiss (blitz)"]
[EventRounds "9"]
[EventCountry "ESP"]
[SourceTitle "CBM 099 Extra"]
[Source "ChessBase"]
[SourceDate "2004.05.04"]
[SourceVersion "1"]
[SourceVersionDate "2004.05.04"]
[SourceQuality "1"]

1. e4 e6 2. Nf3 Nf6 3. Nc3 Nc6 4. d4 d5 5. exd5 exd5 6. Bb5 Bd7 7. 0-0 a6 8. Ba4 Be7 9. h3 0-0 10. Bg5 h6 11. Bxf6 Bxf6 12. Nxd5 Be6 13. Nxf6+ Qxf6 14. d5 Bxh3 15. gxh3 Rad8 16. Bxc6 bxc6 17. Qd4 Qxf3 18. Qg4 Qxg4+ 19. hxg4 Rxd5 20. Rad1 Rfd8 21. Rxd5 Rxd5 22. Re1 Rd2 23. Re7 Rxc2 24. Rxc7 Rxb2 25. Rxc6 Rxa2 26. Rc8+ Kh7 27. Ra8 Ra4 28. f3 Kg6 29. Kg2 f5 30. Kg3 fxg4 31. fxg4 Kg5 32. Kf3 Ra3+ 33. Kg2 Kxg4 34. Ra7 h5 35. Rxg7+ Kh4 0-1